000 00980pam a2200277 a 4500
001 3905446
003 ARRUPE
005 20130917165617.0
008 910415s1991 nyua b 001 0 eng
010 _a 91018450
020 _a0671633414 :
_c$19.95
040 _aDLC
_cDLC
_dDLC
050 0 0 _aHQ12
_b.M35 1991
082 0 0 _a306.7/09
_220
100 1 _aMargulis, Lynn,
_d1938-2011.
_9403
245 1 0 _aMystery dance :
_bon the evolution of human sexuality /
_cLynn Margulis and Dorion Sagan.
260 _aNew York :
_bSummit Books,
_cc1991.
300 _a224 p. :
_bill. ;
_c23 cm.
504 _aIncludes bibliographical references (p. 207-215) and index.
650 0 _aSex
_xHistory.
_9404
650 0 _aSex (Biology)
_xHistory.
_9405
700 1 _aSagan, Dorion,
_d1959-
_9406
906 _a7
_bcbc
_corignew
_d1
_eocip
_f19
_gy-gencatlg
942 _2lcc
_cMONOGRAPH
999 _c117842
_d117842